| 000 | 00743nam a2200193 a 4500 | ||
|---|---|---|---|
| 008 | 130516s2012 ||||||||||||||||| || u | ||
| 020 | _a9781437726633 | ||
| 050 | _aQM 535 Ree | ||
| 100 | _aNorton, S Neil | ||
| 245 | 1 | 0 |
_aNetter's head and neck anatomy for dentistry. (2nd ed.) _cby Neil S. Norton. |
| 250 | _a2nd ed. | ||
| 260 |
_aPhiladelphia: _bElsevier _c2012 |
||
| 300 | _axii, 659p.: ill. | ||
| 500 | _aSCHOOL OF MEDICINE | ||
| 650 | 0 | _aDENTISTRY--ATLASES | |
| 650 | _aNECK--ANATOMY & HISTOLOGY--ATLASES | ||
| 650 | _aHEAD--ANATOMY & HISTOLOGY--ATLASES | ||
| 995 |
_aMEDICAL LIBRARY OPEN ACCESS _e901998 _FCBU-SCHOOL OF MEDICINE LIBRARY (Ndola) _jQM 535 Ree _M1 _UAVAILABLE _WMay 21, 2013 _y901998 _ZMedical Library Open Access Collection |
||
| 999 |
_c32155 _d32155 |
||